000 00486nam a2200169Ia 4500
003 GCL
008 140319s9999 xx 000 0 ara d
040 _aGCL /
_cGCL
082 0 4 _a910.02
_bج ا
100 1 _aجودة حسنين جودة
245 1 0 _aالاراضى الجافة وشبه الجافة /
_cجودة حسنين جودة
300 _a400 ص
490 _aكتاب
_v0
650 0 4 _aالجغرافيا الطبيعية
650 0 4 _aجيولوجيا
942 _2ddc
_cBK
999 _c41707
_d41707